Get the Picture: Which Georgia? Quiz Stats

 Plays Quiz Updated Sep 28, 2019

Score 0/15 Timer 03:00
8 Plays Today
Question Answer Wrong Answers
Its flag features five crosses. Country
86.7%
State
8.8%
It contains the deepest-known cave on Earth. Country
66.9%
State
23.1%
It was the birthplace of one of the Big Three WWII leaders. Country
66.8%
State
21.4%
One of its islands is home to wild horses. State
64%
Country
22.5%
Its population as of 2018 is about 10 million. State
63.5%
Country
36.4%
'Wisdom, Justice, Moderation' is its English motto. State
62.3%
Country
32.1%
Its area is approximately the same as the Republic of Ireland. Country
61.7%
State
34.9%
It was the site of the March to the Sea. State
59.8%
Country
25.7%
Its geographic center is farther north. Country
59.2%
State
25%
Its largest lake is man-made. State
58.1%
Country
25.9%
It was the filming location of part of Black Panther. State
56.9%
Country
26.8%
Its capital is symbolized by the phoenix due to its rise from a fire. State
51.1%
Country
34%
Its capital is home to Freedom Square. Country
44.2%
State
39.4%
It borders exactly four other countries/states. Country
43.2%
State
49.2%
Its largest city has a metro population of about 1.5 million. Country
34.3%
State
50.2%

Today's Daily Dose

Missing Word
Banned Books (A-Z)

Word Ladder
Janis Joplin

Get the Picture
Occupations

You're not logged in!

Compare scores with friends on all Sporcle quizzes.
OR
Log In

Sporcle TV

Today on Sporcle TV


Watch our educational content, quiz creation guides, and fun videos on Sporcle TV.

Show Comments

Extras

Top Quizzes Today


Score Distribution

Your Account Isn't Verified!

In order to create a playlist on Sporcle, you need to verify the email address you used during registration. Go to your Sporcle Settings to finish the process.

Report this User

Report this user for behavior that violates our Community Guidelines.

Details: